000
00383nam a2200133Ia 4500
008
100328s9999 xx 000 0 und d
082
_b
34983
100
_a
जोशी शशिकांत
245
_a
छाया पडछाया
260
_b
मुक्ता
630
_a
छाया पडछाया
730
_a
छाया पडछाया
942
_c
BOOK
999
_c
524995
_d
524992